000 01178cas a22003137c 4500
001 135434
003 UA-OsUOA
005 20230612124509.0
007 ta
008 201901c2007 un mr|p||00| 0 ukrcdukr d
040 _aUA-OsUOA
_bukr
_cUA-OsUOA
_dUA-OsUOA
041 _aukr
044 _aUA
080 _a61
090 _a61
_bУ67
099 _a37230
110 _aУправління закладом охорони здоров'я
245 _aУправління закладом охорони здоров'я
_bщомісячний журнал для головного лікаря та його заступника
_cгол. ред. Вороненко Ю. В.
260 _aК.
_bМЦФЕР "Україна"
_c2007
310 _aщомісяця
505 _aЖурнал виходить за інформаційної підтримки Міністерства охорони здоров'я України
650 7 _a61 Медичні науки
_2UDC
856 4 0 _uhttps://egolovlikar.mcfr.ua/
942 _cMG
_2udc
_s1
955 _a0
962 _d2007
999 _c408774
_d408774